100 Biggest Cities of Asian Russia on a Map - Statistics

General Stats
  • This quiz has been taken 147 times
  • The average score is 27 of 100
Answers on the Map
Answers color-coded by a green-red scale on the quiz's map according to % correct below.
 
Answer Stats
Population City % Correct
603,519 Vladivostok
96%
1,125,695 Omsk
92%
1,633,595 Novosibirsk
89%
617,264 Irkutsk
88%
1,544,376 Yekaterinburg
87%
1,187,771 Krasnoyarsk
86%
1,189,525 Chelyabinsk
85%
355,443 Yakutsk
85%
556,478 Tomsk
79%
617,441 Khabarovsk
70%
437,565 Ulan-Ude
68%
334,427 Chita
66%
847,488 Tyumen
66%
90,757 Magadan
64%
630,877 Barnaul
63%
557,119 Kemerovo
58%
310,911 Kurgan
57%
174,453 Norilsk
56%
164,900 Petropavlovsk-Kamchatsky
56%
410,594 Magnitogorsk
55%
396,443 Surgut
55%
181,587 Yuzhno-Sakhalinsk
55%
238,505 Komsomolsk-on-Amur
52%
224,071 Bratsk
51%
537,480 Novokuznetsk
49%
241,437 Blagoveshchensk
48%
338,966 Nizhny Tagil
44%
184,769 Abakan
38%
221,296 Angarsk
38%
125,241 Kyzyl
34%
283,256 Nizhnevartovsk
32%
183,852 Biysk
30%
70,064 Birobidzhan
29%
107,473 Khanty-Mansiysk
29%
47,910 Salekhard
26%
180,393 Ussuriysk
24%
139,931 Nakhodka
23%
107,251 Novy Urengoy
22%
109,556 Artyom
21%
65,342 Gorno-Altaysk
21%
100,352 Tobolsk
21%
147,995 Miass
20%
177,819 Prokopyevsk
18%
161,774 Zlatoust
15%
67,614 Ishim
14%
100,188 Noyabrsk
14%
54,279 Zelenogorsk
14%
61,440 Belogorsk
13%
82,723 Zheleznogorsk
13%
100,621 Achinsk
12%
102,850 Berdsk
12%
86,816 Kansk
12%
124,732 Nefteyugansk
12%
53,409 Neryungri
12%
73,049 Novoaltaysk
12%
126,834 Rubtsovsk
12%
106,648 Seversk
12%
48,517 Svobodny
12%
57,147 Iskitim
11%
164,192 Kamensk-Uralsky
11%
147,806 Kopeysk
11%
55,730 Lesosibirsk
11%
114,450 Pervouralsk
11%
70,301 Troitsk
11%
66,583 Anzhero-Sudzhensk
10%
51,137 Krasnokamensk
10%
92,244 Leninsk-Kuznetsky
10%
45,973 Nadym
10%
94,211 Serov
10%
68,609 Shadrinsk
10%
79,570 Ust-Ilimsk
10%
79,693 Yurga
10%
75,745 Chernogorsk
9%
70,089 Minusinsk
9%
78,479 Novouralsk
9%
63,034 Nyagan
9%
74,762 Usolye-Sibirskoye
9%
47,937 Arsenyev
8%
83,431 Kiselyovsk
8%
61,441 Kogalym
8%
96,174 Mezhdurechensk
8%
71,335 Verkhnyaya Pyshma
8%
57,317 Asbest
7%
68,542 Belovo
7%
55,875 Krasnoturyinsk
5%
52,887 Megion
5%
76,896 Ozyorsk
5%
50,619 Snezhinsk
5%
44,073 | 59,698 Beryozovsky
4%
42,701 Langepas
4%
55,182 Polevskoy
4%
44,693 Chebarkul
3%
43,577 Raduzhny
3%
60,200 Revda
3%
44,872 Sayanogorsk
3%
53,958 Cheremkhovo
2%
48,261 Lesnoy
2%
45,333 Nazarovo
2%
42,597 Satka
2%
No matching quizzes found
Score Distribution
Percent of People with Each Score
Percentile by Number Answered
Your Score History
You have not taken this quiz